000 nam a22 a 4500
999 _c4700
_d4700
003 AKMAL
005 20170731095311.0
008 170731s2017 my e l 000 0 may d
020 _cRM22.00
040 _aBNM
082 0 4 _a342.5950684 MAL
_223
090 0 0 _a342.5950684
_bMAL
110 1 _aMalaysia,
_ejurisdiction governed.
_9400
245 1 0 _aAKTA RAHSIA RASMI 1972 (AKTA 88)
_b(PINDAAN HINGGA JANUARI) /
_cDisusun oleh: Penasihat Undang-Undang MDC
264 1 _aKuala Lumpur :
_bMDC Publishers,
_c2017
300 _a27 pages ;
_c27cm.
490 1 _aUNDANG-UNDANG MALAYSIA
599 _aDALAM PROSES
650 1 0 _aOfficial secrets
_zMalaysia
_94620
650 2 0 _aSecurity classification (Government documents)
_zMalaysia
_94619
830 0 _aUNDANG-UNDANG MALAYSIA
_99017
942 _2ddc
_cBOOK
950 _lAKMAL